000 00709nam a2200229 4500
003 OSt
005 20240701012313.0
006 a
008 240701b |||||||| |||| 00| 0 eng d
020 _a9780071289450
040 _aDWCL-Main lib.
_cOC
082 _2Tenth edition
_aCirc. 658.32 M645c 2011
100 _aMilkovich, George T.
245 _aCompensation /
250 _aTenth edition
260 _aBoston :
_bMcGraw-Hill,
_cc2011.
300 _axviii,
_b689 p. : ill. ;
_c23 cm.
504 _aIncludes bibliographical references & indexes Compensation management.
650 _a1. Salaries, wages, etc.
650 _a2. Compensation management.
942 _2ddc
_n0
_cBK-CIRC
_eTenth edition
_kCirc.
999 _c1665
_d1665